000 00802nam a2200289Ia 4500
001 29260
005 20240114001125.0
007 ta
008 060624s2005 g b000 u asm u
040 _aCotton College,Assam
041 _aasm
082 _a370
_bAk 47 Uc
100 _aAkhtar, Parbina .
245 0 _aUchchatar Madhyamik Siksha Parichaya: Pratham Barshikar Babe /
_cParbina Akhtar, Mina Kumari Devi & Juri Mahanta.
_hTextual Documents
250 _a1st ed. /
260 _aGuwahati :
_bRanu Prakashan ,
_c2005.
300 _a176p. ;
_c22cm.
653 _aEducation
653 _aG-Education
653 _aDept.
700 _aDevi , Mina Kumari .
700 _aMahanta, Juri .
942 _2ddc
_cBK
999 _c29242
_d29242